| 000 | 00742cam a2200193 i 4500 | ||
|---|---|---|---|
| 005 | 20251112104755.0 | ||
| 008 | 250721s2003 lb gr 000 0 ara d | ||
| 082 | 1 | 4 |
_a189 _bع ر ب |
| 100 | 1 |
_aعربي، محيي الدين _eمؤلف. |
|
| 245 | 1 | 2 |
_aالميم والواو والنون / _cتأليف الشيخ محي الدين بن عربي ؛ حققة وضبطة وقدم له عبد الرحيم مارديني. |
| 250 | _aالطبعة الأولى. | ||
| 264 | 3 | 1 |
_aدمشق : _bدار المحبة، _c2003. |
| 300 | _a84 صفحة. | ||
| 650 | 1 | 7 | _aالفلسفة الإسلامية. |
| 650 | 1 | 7 | _aالحروب. |
| 700 | 1 |
_aمارديني، عبد الرحيم _eمحقق. |
|
| 942 |
_2ddc _cBK |
||
| 999 |
_c78499 _d78499 |
||